<?xml version="1.0" encoding="UTF-8"?>
<collection xmlns="http://www.loc.gov/MARC21/slim">
 <record>
  <leader>02804nas a22003971  4500</leader>
  <controlfield tag="001">1/50440</controlfield>
  <controlfield tag="008">030625c19889999enkqr1p       0   a0eng d</controlfield>
  <datafield tag="022" ind1=" " ind2=" ">
   <subfield code="a">0894-3214</subfield>
  </datafield>
  <datafield tag="035" ind1=" " ind2=" ">
   <subfield code="l">31240</subfield>
  </datafield>
  <datafield tag="040" ind1=" " ind2=" ">
   <subfield code="a">DLC</subfield>
   <subfield code="b">GR-PeUP</subfield>
  </datafield>
  <datafield tag="090" ind1=" " ind2=" ">
   <subfield code="a">Αλφαβητική σειρά</subfield>
  </datafield>
  <datafield tag="245" ind1="0" ind2="0">
   <subfield code="a">Packaging technology &amp; science</subfield>
  </datafield>
  <datafield tag="260" ind1=" " ind2=" ">
   <subfield code="a">England :</subfield>
   <subfield code="b">Wiley,</subfield>
   <subfield code="c">1988-</subfield>
  </datafield>
  <datafield tag="300" ind1=" " ind2=" ">
   <subfield code="a">v.;</subfield>
   <subfield code="c">23 cm.</subfield>
  </datafield>
  <datafield tag="310" ind1=" " ind2=" ">
   <subfield code="a">Bimonthly</subfield>
  </datafield>
  <datafield tag="362" ind1="0" ind2=" ">
   <subfield code="a">Vol.19, no.1(Jan./Feb. 2006)-</subfield>
  </datafield>
  <datafield tag="535" ind1="0" ind2=" ">
   <subfield code="a">Κλειστό Βιβλιοστάσιο.</subfield>
  </datafield>
  <datafield tag="546" ind1=" " ind2=" ">
   <subfield code="a">English</subfield>
  </datafield>
  <datafield tag="650" ind1=" " ind2="4">
   <subfield code="a">Packaging</subfield>
   <subfield code="v">Periodicals.</subfield>
  </datafield>
  <datafield tag="852" ind1=" " ind2=" ">
   <subfield code="a">INST</subfield>
   <subfield code="b">UNIPILB</subfield>
   <subfield code="c">SERIALS</subfield>
   <subfield code="e">20070904</subfield>
   <subfield code="h">Αλφαβητική σειρά</subfield>
   <subfield code="p">56629</subfield>
   <subfield code="q">56629</subfield>
   <subfield code="t">NOLOAN</subfield>
   <subfield code="v">vol.19;no.1:(Μήνες)Jan	/Feb.;(Έτος)2006</subfield>
   <subfield code="y">23</subfield>
  </datafield>
  <datafield tag="852" ind1=" " ind2=" ">
   <subfield code="a">INST</subfield>
   <subfield code="b">UNIPILB</subfield>
   <subfield code="c">SERIALS</subfield>
   <subfield code="e">20070904</subfield>
   <subfield code="h">Αλφαβητική σειρά</subfield>
   <subfield code="p">56630</subfield>
   <subfield code="q">56630</subfield>
   <subfield code="t">NOLOAN</subfield>
   <subfield code="v">vol.19;no.2:(Μήνες)Mar.-Apr.;(Έτος)2006</subfield>
   <subfield code="y">23</subfield>
  </datafield>
  <datafield tag="852" ind1=" " ind2=" ">
   <subfield code="a">INST</subfield>
   <subfield code="b">UNIPILB</subfield>
   <subfield code="c">SERIALS</subfield>
   <subfield code="e">20070904</subfield>
   <subfield code="h">Αλφαβητική σειρά</subfield>
   <subfield code="p">56631</subfield>
   <subfield code="q">56631</subfield>
   <subfield code="t">NOLOAN</subfield>
   <subfield code="v">vol.19;no.3:(Μήνες)May-Jun.;(Έτος)2006</subfield>
   <subfield code="y">23</subfield>
  </datafield>
  <datafield tag="852" ind1=" " ind2=" ">
   <subfield code="a">INST</subfield>
   <subfield code="b">UNIPILB</subfield>
   <subfield code="c">SERIALS</subfield>
   <subfield code="e">20070904</subfield>
   <subfield code="h">Αλφαβητική σειρά</subfield>
   <subfield code="p">56632</subfield>
   <subfield code="q">56632</subfield>
   <subfield code="t">NOLOAN</subfield>
   <subfield code="v">vol.19;no.4:(Μήνες)Jul.-Aug.;(Έτος)2006</subfield>
   <subfield code="y">23</subfield>
  </datafield>
  <datafield tag="852" ind1=" " ind2=" ">
   <subfield code="a">INST</subfield>
   <subfield code="b">UNIPILB</subfield>
   <subfield code="c">SERIALS</subfield>
   <subfield code="e">20070904</subfield>
   <subfield code="h">Αλφαβητική σειρά</subfield>
   <subfield code="p">56633</subfield>
   <subfield code="q">56633</subfield>
   <subfield code="t">NOLOAN</subfield>
   <subfield code="v">vol.19;no.5:(Μήνες)Sep.-Oct.;(Έτος)2006</subfield>
   <subfield code="y">23</subfield>
  </datafield>
  <datafield tag="852" ind1=" " ind2=" ">
   <subfield code="a">INST</subfield>
   <subfield code="b">UNIPILB</subfield>
   <subfield code="c">SERIALS</subfield>
   <subfield code="e">20070904</subfield>
   <subfield code="h">Αλφαβητική σειρά</subfield>
   <subfield code="p">56634</subfield>
   <subfield code="q">56634</subfield>
   <subfield code="t">NOLOAN</subfield>
   <subfield code="v">vol.19;no.6:(Μήνες)Nov.-Dec.;(Έτος)2006</subfield>
   <subfield code="y">23</subfield>
  </datafield>
  <datafield tag="852" ind1=" " ind2=" ">
   <subfield code="a">INST</subfield>
   <subfield code="b">UNIPILB</subfield>
   <subfield code="c">SERIALS</subfield>
   <subfield code="e">20070917</subfield>
   <subfield code="h">Αλφαβητική σειρά</subfield>
   <subfield code="p">57238</subfield>
   <subfield code="q">57238</subfield>
   <subfield code="t">NOLOAN</subfield>
   <subfield code="v">vol.20;no.1:(Μήνες)Jan.-Feb.;(Έτος)2007</subfield>
   <subfield code="y">23</subfield>
  </datafield>
  <datafield tag="852" ind1=" " ind2=" ">
   <subfield code="a">INST</subfield>
   <subfield code="b">UNIPILB</subfield>
   <subfield code="c">SERIALS</subfield>
   <subfield code="e">20070917</subfield>
   <subfield code="h">Αλφαβητική σειρά</subfield>
   <subfield code="p">57239</subfield>
   <subfield code="q">57239</subfield>
   <subfield code="t">NOLOAN</subfield>
   <subfield code="v">vol.20;no.2:(Μήνες)Mar.-Apr.;(Έτος)2007</subfield>
   <subfield code="y">23</subfield>
  </datafield>
  <datafield tag="852" ind1=" " ind2=" ">
   <subfield code="a">INST</subfield>
   <subfield code="b">UNIPILB</subfield>
   <subfield code="c">SERIALS</subfield>
   <subfield code="e">20070917</subfield>
   <subfield code="h">Αλφαβητική σειρά</subfield>
   <subfield code="p">57240</subfield>
   <subfield code="q">57240</subfield>
   <subfield code="t">NOLOAN</subfield>
   <subfield code="v">vol.20;no.3:(Μήνες)May-Jun.;(Έτος)2007</subfield>
   <subfield code="y">23</subfield>
  </datafield>
  <datafield tag="852" ind1=" " ind2=" ">
   <subfield code="a">INST</subfield>
   <subfield code="b">UNIPILB</subfield>
   <subfield code="c">SERIALS</subfield>
   <subfield code="e">20071203</subfield>
   <subfield code="h">Αλφαβητική σειρά</subfield>
   <subfield code="p">58762</subfield>
   <subfield code="q">58762</subfield>
   <subfield code="t">NOLOAN</subfield>
   <subfield code="v">vol.20;no.4:(Μήνες)Jul.-Aug.;(Έτος)2007</subfield>
   <subfield code="y">23</subfield>
  </datafield>
  <datafield tag="852" ind1=" " ind2=" ">
   <subfield code="a">INST</subfield>
   <subfield code="b">UNIPILB</subfield>
   <subfield code="c">SERIALS</subfield>
   <subfield code="e">20071203</subfield>
   <subfield code="h">Αλφαβητική σειρά</subfield>
   <subfield code="p">58763</subfield>
   <subfield code="q">58763</subfield>
   <subfield code="t">NOLOAN</subfield>
   <subfield code="v">vol.20;no.5:(Μήνες)Sep.-Oct.;(Έτος)2007</subfield>
   <subfield code="y">23</subfield>
  </datafield>
  <datafield tag="852" ind1=" " ind2=" ">
   <subfield code="a">INST</subfield>
   <subfield code="b">UNIPILB</subfield>
   <subfield code="c">SERIALS</subfield>
   <subfield code="e">20080205</subfield>
   <subfield code="h">Αλφαβητική σειρά</subfield>
   <subfield code="p">59609</subfield>
   <subfield code="q">59609</subfield>
   <subfield code="t">NOLOAN</subfield>
   <subfield code="v">vol.20;no.6:(Μήνες)Nov.-Dec.;(Έτος)2007</subfield>
   <subfield code="y">23</subfield>
  </datafield>
  <datafield tag="900" ind1=" " ind2=" ">
   <subfield code="a">Vol. 21 no. 1 (Jan.-Feb. 2008)</subfield>
   <subfield code="b">Οφειλόμενο</subfield>
   <subfield code="c">25/03/2009</subfield>
  </datafield>
  <datafield tag="950" ind1=" " ind2=" ">
   <subfield code="a">01/01/2006</subfield>
   <subfield code="c">ΧΑΡΤΣΙΑΣ</subfield>
   <subfield code="d">643</subfield>
  </datafield>
  <datafield tag="951" ind1=" " ind2=" ">
   <subfield code="a">Vol. 20 no. 1 (Jan.-Feb. 2007) - Vol. 20 no. 6 (Nov.-Dec. 2007)</subfield>
   <subfield code="b">Main run</subfield>
  </datafield>
  <datafield tag="951" ind1=" " ind2=" ">
   <subfield code="a">Vol. 19 no. 1  (Jan,/Feb. 2006)</subfield>
   <subfield code="b">Main run</subfield>
  </datafield>
  <datafield tag="951" ind1=" " ind2=" ">
   <subfield code="a">Vol. 19 no. 2 (Mar.-Apr. 2006) - Vol. 19 no. 6 (Nov.-Dec. 2006)</subfield>
   <subfield code="b">Main run</subfield>
  </datafield>
 </record>
</collection>
